Безопасность производственных систем: учебное пособие

Dettagli Bibliografici
Ente Autore: Московский государственный индустриальный университет
Altri autori: Резчиков Е. А. Евгений Алексеевич (редактор), Голов В. А. Владимир Александрович
Riassunto:В учебном пособии рассмотрены концепция безопасности, безопасность в системе "человек - машина - среда", особенности безопасности в ГАП, электробезопасность производственных систем, развитие и предотвращение аварии, вопросы охраны труда в машиностроении. Учебное пособие дополняет учебную литературу по курсу "Безопасность жизнедеятельности" и содержит материал для изучения дисциплин специализаций, обеспечивающих подготовку специалистов по безопасности технологических процессов. Предназначено для студентов инженерно-технических специальностей, а также может быть полезно преподавателям, инженерам и аспирантам.
Lingua:russo
Pubblicazione: Москва, Изд-во МГИУ, 2006
Soggetti:
Natura: Libro
KOHA link:https://koha.lib.tpu.ru/cgi-bin/koha/opac-detail.pl?biblionumber=126162

MARC

LEADER 00000nam0a2200000 4500
001 126162
005 20231101215958.0
010 |a 5276006296 
035 |a (RuTPU)RU\TPU\book\136493 
090 |a 126162 
100 |a 20071126d2006 m y0rusy50 ca 
101 0 |a rus 
102 |a RU 
105 |a a j 001zy 
200 1 |a Безопасность производственных систем  |e учебное пособие  |f Московский государственный индустриальный университет ; под ред. Е. А. Резчикова, В. А. Голова 
210 |a Москва  |c Изд-во МГИУ  |d 2006 
215 |a 156 с.  |c ил. 
320 |a Список литературы: с. 155. 
330 |a В учебном пособии рассмотрены концепция безопасности, безопасность в системе "человек - машина - среда", особенности безопасности в ГАП, электробезопасность производственных систем, развитие и предотвращение аварии, вопросы охраны труда в машиностроении. Учебное пособие дополняет учебную литературу по курсу "Безопасность жизнедеятельности" и содержит материал для изучения дисциплин специализаций, обеспечивающих подготовку специалистов по безопасности технологических процессов. Предназначено для студентов инженерно-технических специальностей, а также может быть полезно преподавателям, инженерам и аспирантам. 
606 1 |a Безопасность жизнедеятельности в техносфере  |2 stltpush  |3 (RuTPU)RU\TPU\subj\28155  |9 51745 
610 1 |a промышленная безопасность 
610 1 |a производственные системы 
610 1 |a безопасность 
610 1 |a человек-машина 
610 1 |a технические элементы 
610 1 |a человеческий фактор 
610 1 |a опасности 
610 1 |a гибкие автоматизированные производства 
610 1 |a функционирование 
610 1 |a электробезопасность 
610 1 |a технические системы 
610 1 |a эффективность 
610 1 |a создание 
610 1 |a машиностроительные предприятия 
610 1 |a охрана труда 
610 1 |a учебные пособия 
675 |a 658.345(075.8)  |v 3 
702 1 |a Резчиков  |b Е. А.  |g Евгений Алексеевич  |4 340 
702 1 |a Голов  |b В. А.  |g Владимир Александрович  |4 340 
712 0 2 |a Московский государственный индустриальный университет  |2 stltpush  |3 (RuTPU)RU\TPU\col\11073 
801 1 |a RU  |b 63413507  |c 20071126  |g PSBO 
801 2 |a RU  |b 63413507  |c 20141003  |g PSBO 
942 |c BK 
959 |a 83/20071122  |d 2  |e 165,00  |f АНЛ:1  |f ЧЗТЛ:1